000 00741nam a2200289Ia 4500
005 20260324115536.0
008 008 260324s9999 xx 000 0 eng d
020 _a9781315120201
037 _aEBOOK
040 _aCRL
040 _beng
040 _cCRL
041 _2eng
041 _aeng
084 _qCRL
100 _aYufeng Wang; Athanasios V. Vasilakos; Qun Jin; Hongbo Zhu
_91155070
245 0 _aDevice-to-Device based Proximity Service
245 0 _bArchitecture, Issues, and Applications
260 _bTaylor and Francis
260 _c2017
365 _a
365 _b385
856 _uhttp://www.taylorfrancis.com/books/9781315120201
942 _cEBOOK
999 _c1746017
_d1746017